000 00707nam a2200205Ia 4500
005 20250507130115.0
008 008 250505s9999 xx 000 0 eng d
037 _aDIS
040 _aEASL
_beng
_cEASL
041 _aeng
_2eng
084 _a0000009, HOT
_qEASL
100 _aHota Shuvendu Kumar
245 0 _aJapan and disarmament withspecial reference to the conference of the committee on disarmament 1969-75 Prof. Savitri Vishwanathan
260 _aIndia
_bDelhi University. Social Sciences. Chinese & Japanese Studies
_c1981
300 _a121p.
546 _aBoth Acc. Nos. are of same dissertation
650 _aDiss
942 _cDIS
_h0000009, HOT
999 _c1317807
_d1317807